00943 2200157 4500245004300000020002200043250001100065100001800076005001900094260003300113041001400146084000800160500057500168490003300743336000900776 aEnergi Panas BumicTutun NugrahahText a978-602-18942-0-0 aCet. 1 aTutun Nugraha a20231116133328 bPELANGI ILMU NUSANTARAc2012 aIndonesia a503 aBuku ENERGI PANAS BUMI ini membahas fungsi dan prinsip kerja Pembangkit Listrik Tenaga Panas Bumi. Selain itu juga diberikan gambaran dan contoh aplikasi energi panas bumi dalam kehidupan kita sehari-hari. Indonesia sebagai negara yang mempunyai sumber energi panas bumi yang sangat besar yaitu 27 GW belum memanfaatkan jenis energi terbarukan ini dengan optimal. Andai kita bisa menggali potensi energi ini dengan baik, maka kita bisa menghemat subsidi Bahan Bakar Minyak (BBM) yang bernilai triliyunan rupiah dan sekalian mengurangi polusi udara akibat pembakaran BBM. aSeri Sains Energi Terbarukan atext